000 00934nam a2200229 i 4500
001 187352
003 SpMaBN
005 20250918194453.0
008 170614s1943 sp p |||| |bspa d
080 _a929 Talleyrand-Périgord, Charles Maurice de, prince de Bénèvent
100 1 _aVilla-Urrutia, Wenceslao Ramírez de Villa-Urrutia,
_cMarqués de,
_d1850-1933
_9114894
245 1 0 _aTalleyrand
_b: ensayo biográfico /
_cMarqués de Villa-Urrutia.
250 _a2ª ed.
260 _aMadrid :
_bLibrería Beltran,
_c1943 (
_fImp. Torrent)
300 _a317 p. ;
_c23 cm.
500 _aÍndice onomástico.
504 _aBibliografía: p. [305]-307.
599 _aCab. y viñetas grab.
600 1 4 _aTalleyrand-Périgord, Charles Maurice de,
_cprince de Bénèvent,
_d1754-1838
_9109131
852 _aES-MaACL
_jL-31705
_z. - Donat. herederos de la bibl. de Mª del Pilar Costa Palacín
999 _c187352
_d187352